000 00687nam a22002057a 4500
003 OSt
005 20250708083644.0
008 250708b |||||||| |||| 00| 0 eng d
020 _a0-7879-5198-6
040 _aDWC-Main Lib
_cOC
082 _aCirc. 650.13 W426e 1998
100 _aWeisinger, Hendrie
245 _aEmotional intelligence at work:
_bthe untapped edge for success/
_cHendrie Weisinger
260 _aCalifornia:
_bJossey-Bass Inc.,
_cc1998.
300 _axxiii, 218 pages:
_billustrations;
_c21cm.
504 _aIncludes bibliographical references and index.
650 _a1. Interpersonal relations.
650 _a2. Self-Perception.
942 _2ddc
_cBK-CIRC
_kCirc.
_n0
999 _c3478
_d3478